00520nam a22001697a 450000500170000001000150001702000260003203500140005803700130007208200150008510000220010024500690012226000430019127000540023430000220028850000400031020150922145207.0 aENG-113695 a9788170546726c400.00 aEN- 97227 bDBAD/PUB a305.420954 aDevpura, Vaishali aTribal woman :cby Vaishali Devpurabproblems and perspectives / aNew DelhibClassical Publishing c2014 a28, Shopping Centre, KarampurabNew Delhie110015 ax,144p.c21cm(Hb) aIncludes bibliographical references